Keanu Reeves Movies Quiz Stats

 Plays Quiz Updated Jan 1, 2021

Support Sporcle.
Go Orange.
Score 0/66 Timer 08:00
1 Play Today
Year Movie % Correct
1999The Matrix
97.3%
2003The Matrix Reloaded
91.9%
2003The Matrix Revolutions
87.2%
2017John Wick: Chapter 2
81.7%
2019John Wick: Chapter 3 – Parabellum
81.6%
2014John Wick
76.4%
1994Speed
72.7%
1989Bill & Ted's Excellent Adventure
71.6%
1991Point Break
57.1%
1991Bill & Ted's Bogus Journey
52.9%
2005Constantine
48.5%
2000The Replacements
48%
2019Toy Story 4
46.2%
2016Keanu
42.9%
2006The Lake House
40.1%
2020Bill & Ted Face the Music
39.8%
2008The Day the Earth Stood Still
38.7%
1997The Devil's Advocate
38.5%
1992Dracula
29.6%
201347 Ronin
26.6%
2001Hard Ball
26.4%
1995Johnny Mnemonic
25.5%
2015Knock Knock
23.2%
1989Parenthood
23.1%
2019Always Be My Maybe
23%
2006A Scanner Darkly
22.4%
2008Street Kings
21.3%
1991My Own Private Idaho
20.5%
2001Sweet November
20.2%
2003Something's Gotta Give
19%
1993Much Ado About Nothing
18.3%
1995A Walk in the Clouds
18%
1993Little Buddha
17.3%
Year Movie % Correct
1996Chain Reaction
16.9%
2018Destination Wedding
14.1%
2018Replicas
14.1%
1988Dangerous Liaisons
13.4%
2000The Watcher
13.1%
2000The Gift
12.7%
1996Feeling Minnesota
12.4%
2020The SpongeBob Movie: Sponge on the Run
12.3%
2013Man of Tai Chi
11.9%
1986River's Edge
11.5%
2019Between Two Ferns: The Movie
10.3%
2016The Neon Demon
10%
2018Siberia
9.6%
2016The Bad Batch
9.5%
1986Youngblood
9.5%
2017To the Bone
9.2%
2005Thumbsucker
8.6%
1990I Love You to Death
8.2%
2016The Whole Truth
8%
2016Exposed
7.5%
2012Generation Um...
7.2%
1993Even Cowgirls Get the Blues
6.6%
1988The Prince of Pennsylvania
6.6%
1988Permanent Record
6.5%
1988The Night Before
5.8%
1997The Last Time I Committed Suicide
5.7%
1986Flying
5.7%
1990Tune in Tomorrow...
5.6%
2009The Private Lives of Pippa Lee
5.5%
2005Ellie Parker
5.2%
1985One Step Away
5.1%
1991Providence
5%
2010Henry's Crime
4.1%

From the Vault

Chemical Nomenclature - Ionic Compounds

by RyanWitchey

Science 10m
If we've said it once, we've said it a hundred times, Ionic Compounds are *so* selfish.
Remove Ads.
Support Sporcle.
Get the best of Sporcle when you Go Orange. This ad-free experience offers more features, more stats, and more fun while also helping to support Sporcle. Thank you for becoming a member.

Show Comments

Extras

Top Quizzes Today


Score Distribution

Your Account Isn't Verified!

In order to create a playlist on Sporcle, you need to verify the email address you used during registration. Go to your Sporcle Settings to finish the process.

Report this User

Report this user for behavior that violates our Community Guidelines.

Details: